Welcome to the Holygrace Academy Library

Please use search bar below to get started

NANCY DREW - BAD TIMES, BIG CRIMES (Record no. 7858)

MARC details
000 -LEADER
fixed length control field 00612nam a22001457a 4500
020 ## - INTERNATIONAL STANDARD BOOK NUMBER
ISBN 978-0-689-87883-1
082 ## - DEWEY DECIMAL CLASSIFICATION NUMBER
Classification number 823
Item number KEE/N
100 ## - MAIN ENTRY--AUTHOR NAME
Personal name KEEN, CAROLYN
245 ## - TITLE STATEMENT
Title NANCY DREW - BAD TIMES, BIG CRIMES
260 ## - PUBLICATION, DISTRIBUTION, ETC. (IMPRINT)
Place of publication NEW YORK
Name of publisher ALADDIN PAPERBACKS
Year of publication 2005
300 ## - PHYSICAL DESCRIPTION
Number of Pages 139
520 ## - SUMMARY, ETC.
Summary, etc In this book, Nancy attends a lecture with her friends George and Bess and her boyfriend, Ned; at some point, she falls asleep and travels back in time to the Great Depression and helps out a family who loses the deed to their house because of gambling with a gangster.
650 ## - SUBJECT ADDED ENTRY--TOPICAL TERM
Topical Term DETECTIVE
Geographic subdivision UNITED STATES
942 ## - ADDED ENTRY ELEMENTS (KOHA)
Koha item type Books
Holdings
Withdrawn status Lost status Collection code Home library Current library Shelving location Date acquired Source of acquisition Cost, normal purchase price Full call number Accession Number Koha item type
    Fiction Main Library Main Library NEW SHELF WITH NEW ENTRY 20/11/2023 purchase 250.00 823 KEE/N 13453 Books